The preaching of Islam: (Record no. 17665)

MARC details
000 -LEADER
fixed length control field 00895cam a22002891 4500
001 - CONTROL NUMBER
control field 6362375
003 - CONTROL NUMBER IDENTIFIER
control field ASL
005 - DATE AND TIME OF LATEST TRANSACTION
control field 20231015025623.0
008 - FIXED-LENGTH DATA ELEMENTS--GENERAL INFORMATION
fixed length control field 770217s1896 nyu b 000 0 eng
010 ## - LIBRARY OF CONGRESS CONTROL NUMBER
LC control number 13035745
035 ## - SYSTEM CONTROL NUMBER
System control number (OCoLC)2745123
040 ## - CATALOGING SOURCE
Original cataloging agency DLC
Transcribing agency ASL
Modifying agency ASL
-- DLC
042 ## - AUTHENTICATION CODE
Authentication code premarc
050 00 - LIBRARY OF CONGRESS CALL NUMBER
Classification number BP50
Item number .A7 1913
082 ## - DEWEY DECIMAL CLASSIFICATION NUMBER
Classification number 297.09
Item number ARP
100 1# - MAIN ENTRY--PERSONAL NAME
Personal name Arnold, Thomas Walker,
Titles and words associated with a name Sir,
Dates associated with a name 1864-1930.
245 14 - TITLE STATEMENT
Title The preaching of Islam:
Remainder of title a history of the propagation of the Muslim faith;
Statement of responsibility, etc. by T. W. Arnold.
250 ## - EDITION STATEMENT
Edition statement [2d ed.]
260 ## - PUBLICATION, DISTRIBUTION, ETC.
Place of publication, distribution, etc. New York:
Name of publisher, distributor, etc. C. Scribner's sons,
Date of publication, distribution, etc. 1913.
300 ## - PHYSICAL DESCRIPTION
Extent xvi, 467, [l] p.:
Dimensions 23 cm.
500 ## - GENERAL NOTE
General note Printed in Great Britain.
504 ## - BIBLIOGRAPHY, ETC. NOTE
Bibliography, etc. note "Titles of works cited by abbreviated references": p. 440-455.
650 #0 - SUBJECT ADDED ENTRY--TOPICAL TERM
Topical term or geographic name entry element Islam.
651 #0 - SUBJECT ADDED ENTRY--GEOGRAPHIC NAME
Geographic name Islamic Empire.
906 ## - LOCAL DATA ELEMENT F, LDF (RLIN)
a 7
b cbc
c oclcrpl
d u
e ncip
f 19
g y-gencatlg
942 ## - ADDED ENTRY ELEMENTS (KOHA)
Source of classification or shelving scheme Dewey Decimal Classification
Koha item type Books
Holdings
Withdrawn status Lost status Source of classification or shelving scheme Damaged status Not for loan Collection code Home library Current library Shelving location Date acquired Source of acquisition Total Checkouts Full call number Barcode Date last seen Copy number Price effective from Koha item type Public note
    Dewey Decimal Classification   Not For Loan Non-fiction Asiatic Society Library Asiatic Society Library Harrison Collection 02/05/2020 Donated by Prof. John B. Harrison   297.09 ARP 100809 07/24/2017 C-1 07/24/2017 Books RARE
    Dewey Decimal Classification   Not For Loan Non-fiction Asiatic Society Library Asiatic Society Library General Stacks 12/29/2020 ASB Collection   297.09 ARP 103734 12/29/2020 C-2 12/29/2020 Books RARE
    Dewey Decimal Classification     Non-fiction Asiatic Society Library Asiatic Society Library Harrison Collection 04/19/2022 Donated by Prof. John B. Harrison   297.09 ARP 116497 04/19/2022 C-3 04/19/2022 Books RARE

Powered by Koha